| 000 | 00525nam a22001817a 4500 | ||
|---|---|---|---|
| 003 | DO-SdBNP | ||
| 005 | 20220426100947.0 | ||
| 008 | 110301s2015 dr 000 0 spa d | ||
| 040 |
_aDO-SdBNP _bspa _cBNPHU |
||
| 082 | 4 |
_axxxx _bxxx |
|
| 100 |
_aCabrera, Luis _981496 |
||
| 245 | 1 | 0 |
_aJornada nacional de arrepentimiento y reconciliación / _cLuis Cabrera |
| 260 |
_aSanto Domingo : _bMinisterio Zayit, _c2015. |
||
| 300 |
_a98 p. : _c22 cm. |
||
| 590 | _aInventariado, 2022/ YL | ||
| 910 | _aYLockward | ||
| 942 |
_2ddc _cLBS1 |
||
| 999 |
_c51579 _d51579 |
||